000
00341nam a2200133Ia 4500
008
100328s9999 xx 000 0 und d
082
_b
19477
100
_a
पै शिरीष
245
_a
हृदयरंग
260
_b
नीलकंठ
630
_a
हृदयरंग
730
_a
हृदयरंग
942
_c
BOOK
999
_c
513787
_d
513784